000 01212cam a2200277 4500
001 ABS64297
008 010731n2001 000 0 eng u
035 _a(Sirsi) u113866
100 _aWilbourn, P.
245 _aDefer to experts on dirty land
260 _c2001
490 _aEstates Gazette
_v(0128) 14 July 2001, 131(1)
520 _aLaw Society guidance "Contaminated land: the warning card" for solicitors, is likely to have implications, not only for solicitors but also for all surveyors dealing in property transactions. The Law Society's warning card implies that only specialist advice on contaminated land will offset the legal risk for solicitors and surveyors. Advises that it is essential that a solicitor or surveyor approaches an environmental surveyor who is insured and has a sufficient level of expertise.
590 _aABS
650 _aLAW SOCIETY
650 _aCONTAMINATED LAND
650 _aLIABILITY
650 _aGUIDANCE
650 _aPROPERTY TRANSACTIONS
650 _aSOLICITORS
650 _aSURVEYORS
650 _aContamination
_96231
650 _aENVIRONMENTAL CONSULTANTS
690 _aMANAGEMENT-BUSINESS MANAGEMENT-PROFESSIONAL PRACTICE
942 _n0
999 _c67841
_d67841